[Event "MLK CCCSA IM 2021"]
[Site "Charlotte"]
[Date "2021.01.15"]
[Round "1.1"]
[White "Vivekananthan, Anish"]
[Black "Ezra Paul Chambers"]
[Result "1-0"]
[WhiteElo "2326"]
[BlackElo "2217"]
[Annotator "TA"]
[PlyCount "65"]
[EventDate "2021.01.14"]
[EventType "tourn"]
[EventCountry "USA"]
[SourceTitle "playchess.com"]
[Source "ChessBase"]
[SourceQuality "1"]

{[%evp 9,65,25,29,6,15,16,11,11,52,46,90,80,75,91,127,0,27,22,17,18,22,4,-2,-45,17,24,14,11,181,87,147,150,128,87,89,79,139,122,191,189,213,212,226,231,328,195,282,273,310,308,475,341,517,374,397,391,1094,1136]} 1. d4 d5 2. c4 c6 3. cxd5 cxd5 4. Nc3 Nc6 5. Bf4 e5 6. Bxe5 {D10: Slav Defence: 3 cxd5 (without early Nf3) and 3 Nc3.} Nxe5 7. dxe5 {Hoping for e3.} d4 8. Ne4 {The position is equal.} Qb6 9. Nf3 Qxb2 10. Qxd4 Bb4+ 11. Kd1 Qa3 {[#] And now ...Be6 would win.} 12. Qd3 $146 ({White should try} 12. Rb1 $16 a5 13. e3) ({Predecessor:} 12. Rb1 a5 13. e3 Be6 14. Bb5+ Ke7 15. Qb6 Bd5 16. Nfd2 Nh6 17. Qc7+ Kf8 18. Ke2 Bxe4 19. Nxe4 Qxa2+ {0-1 (29) Rombaldoni,D (2479)-Dvirnyy,D (2536) Civitanova Marche 2015}) 12... Qa4+ (12... Qa5 {looks sharper.} 13. e3 Bd7 14. Nd4 Rd8 15. Rb1 Ne7) 13. Qb3 Qxb3+ 14. axb3 Be6 15. Nfd2 Nh6 16. h3 Ke7 (16... O-O-O $15 17. Kc1 Kb8) 17. e3 $1 $36 {[%mdl 2048] White fights for an advantage.} Rhd8 18. Bc4 b5 $2 {[#]} (18... Bf5 $11 19. Ke2 a6) 19. Bxb5 (19. Bxe6 $1 $18 {Black must now prevent Bg4.} fxe6 20. Ke2) 19... Bxb3+ ({Black should play} 19... Rab8) 20. Ke2 $16 Bd5 21. Rhg1 a5 22. g4 Rab8 (22... Rac8 $142) 23. Bd3 Bc6 (23... f6 $16) 24. Rgc1 $18 Rbc8 25. Ba6 Rc7 {[#]} 26. Nb3 $1 {Strongly threatening Nd4.} Rdd7 (26... Ra8 $142) 27. Nbc5 (27. Nec5 $142 Bxc5 28. Nxc5) 27... Rd5 (27... Bxe4 {keeps fighting.} 28. Nxe4 Ra7) 28. Nd3 Rdd7 29. Nec5 {[%cal Be4c5,Bc5b3,Bb3a5][%mdl 32]} Rd5 (29... Bxc5 $142 30. Nxc5 Rd8) 30. Nb3 Kd8 (30... Rdd7 {might work better.} 31. Nxa5 Bxa5) 31. Bc4 Rdd7 32. Nxa5 Be4 (32... Bxa5 33. Rxa5 Ra7) 33. Nxb4 {Weighted Error Value: White=0.27/Black=0.53} 1-0

[Event "MLK CCCSA IM 2021"]
[Site "Charlotte"]
[Date "2021.01.15"]
[Round "1.2"]
[White "Cervantes Landeiro, Thalia"]
[Black "Oberoi, Shelev"]
[Result "1-0"]
[WhiteElo "2258"]
[BlackElo "2180"]
[Annotator "TA"]
[PlyCount "73"]
[EventDate "2021.01.14"]
[EventType "tourn"]
[EventCountry "USA"]
[SourceTitle "playchess.com"]
[Source "ChessBase"]
[SourceQuality "1"]

{[%evp 20,73,35,27,42,36,53,58,96,73,96,50,33,14,101,77,84,84,103,109,113,114,110,99,210,203,186,189,186,176,452,183,170,150,198,115,229,212,278,227,237,170,181,136,157,92,93,97,1652,1651,1542,1542,2453,2215,29996,29997]} 1. d4 Nf6 2. c4 g6 3. f3 Bg7 4. e4 d6 5. Nc3 c5 6. Nge2 Nc6 7. d5 Ne5 8. Be3 O-O 9. Ng3 e6 10. Be2 exd5 11. cxd5 h5 {was the old line (11...a6). A65: Modern Benoni: 6 e4.} 12. O-O Rb8 13. a4 {[#]} b6 $146 {White is slightly better.} ({Predecessor:} 13... Ne8 14. Qd2 Kh7 15. f4 Ng4 16. Bxg4 Bxg4 17. e5 h4 18. Nge4 dxe5 19. Bxc5 Rh8 20. fxe5 {1-0 (35) Serralta,M (2103)-Rodrigo Yanguas,M (2079) Saint-Quentin 2019}) 14. h3 a6 15. f4 Ned7 16. e5 Qe8 17. Qd3 dxe5 18. f5 $1 e4 19. Ngxe4 Nxe4 20. Nxe4 {aiming for f6.} Ne5 {[#]} 21. Qd2 {f6 is the strong threat.} Nc4 22. Bxc4 $18 Qxe4 23. Rf4 Qe5 24. fxg6 f5 $2 (24... fxg6 25. Rxf8+ Kxf8) 25. Rh4 (25. Re1 $142 Qd6 26. Rf3) 25... b5 26. Ba2 ({Stronger than} 26. Bxc5 bxc4 27. Qg5 (27. Bxf8 Bxf8 28. Qf4 Qxf4 $17) 27... Qxd5 $15) 26... c4 27. Rxh5 (27. Re1 $18) 27... Bb7 (27... Re8 $16 {was necessary.} 28. Bc5 bxa4 29. Bxc4 Rxb2 30. d6+ Be6) 28. Bf4 Qd4+ {[#]} 29. Qxd4 $1 Bxd4+ 30. Kh1 Rbe8 31. axb5 axb5 32. Rd1 ({White should play} 32. Rh7 Bg7 33. Bh6 (33. Rd1 Rf6 $14) 33... Bxh6 34. Rxb7) 32... Bxb2 $16 33. Rb1 $36 {[%mdl 2048] White has strong initiative.} Re2 {[%mdl 8192] [#] A mistake that costs the game.} (33... Bd4 $16) 34. Rxb2 $1 $18 {[%mdl 512]} Re1+ (34... Re4 35. Bd2) 35. Kh2 Ba6 36. Bd2 {Threatening mate with Bc3.} Rd1 37. Bc3 {[%csl Gc3][%cal Rh5h8] Weighted Error Value: White=0.25/Black=0.77} 1-0

[Event "MLK CCCSA IM 2021"]
[Site "Charlotte"]
[Date "2021.01.15"]
[Round "1.3"]
[White "Griffith, Kyron"]
[Black "Colas, Joshua"]
[Result "1-0"]
[WhiteElo "2346"]
[BlackElo "2288"]
[Annotator "TA"]
[PlyCount "33"]
[EventDate "2021.01.14"]
[EventType "tourn"]
[EventCountry "USA"]
[SourceTitle "playchess.com"]
[Source "ChessBase"]
[SourceQuality "1"]

{[%evp 11,33,31,22,6,264,263,283,276,414,240,648,665,658,656,746,737,744,467,456,436,29994,29995,29995,29996]} 1. e4 e5 2. Nf3 Nf6 3. d4 Nxe4 4. Bd3 d5 5. Nxe5 Be7 6. O-O O-O 7. Nc3 {C43: Petroff Defence: 3 d4.} f6 $2 {[%mdl 8192] [#]} (7... Nxc3 $11 {and Black has nothing to worry.} 8. bxc3 Nd7) 8. Nxd5 $1 $18 {[%mdl 512]} fxe5 {[#]} (8... Qxd5 $2 {[#]} 9. Bc4 $1 $18) (8... Nd6 9. Qh5) 9. Bxe4 $146 {White has a decisive advantage.} ({Predecessor:} 9. Nxe7+ Qxe7 10. Bxe4 Rd8 11. Qh5 g6 12. Qxe5 Qxe5 13. dxe5 c6 14. Be3 Be6 15. Rad1 {1-0 (28) Warakomska,A (2136)-Swiatnicka,M (1819) Lazy 2012}) 9... exd4 (9... Nc6 $142 10. dxe5 (10. Qh5 g6 $18) 10... Nxe5) 10. Bf4 (10. Nxe7+ Qxe7 11. Qxd4 Nc6 $16) (10. Qh5 $142 g6 11. Bxg6 hxg6 12. Qxg6+ Kh8 13. Qh5+ Kg8 14. Bh6) 10... Bd6 $2 {[#]} (10... Nc6 11. Bxc7 Qd7) 11. Qh5 $1 g6 12. Bxg6 hxg6 13. Qxg6+ Kh8 14. Bg5 Bxh2+ 15. Kxh2 {White threatens Rh1 and mate.} Qxd5 (15... Qd6+ $18 16. Qxd6 cxd6) 16. Rh1 Bh3 17. Kxh3 {[%cal Rh3g4] Black got outplayed after the opening.  Weighted Error Value: White=0.37/Black=1.45} 1-0

[Event "MLK CCCSA IM 2021"]
[Site "Charlotte"]
[Date "2021.01.15"]
[Round "1.4"]
[White "Wang, Tianqi"]
[Black "Matros, Alexander"]
[Result "1-0"]
[WhiteElo "2256"]
[BlackElo "2405"]
[Annotator "TA"]
[PlyCount "91"]
[EventDate "2021.01.14"]
[EventType "tourn"]
[EventCountry "USA"]
[SourceTitle "playchess.com"]
[Source "ChessBase"]
[SourceQuality "1"]

{[%evp 9,91,-79,-78,-86,-64,-86,-77,-81,-60,-122,-94,-95,-60,-62,-61,-66,-61,-86,-84,-110,-38,-48,-42,-82,-74,-79,-34,-21,22,0,32,24,47,52,60,74,93,116,106,108,100,130,187,176,213,210,290,276,476,467,530,521,516,527,500,509,567,542,539,491,807,807,775,659,652,626,591,568,722,689,1278,1168,1352,1562,1565,1338,5174,5147,5631,5631,29971,29973,29971,29973]} 1. e4 d6 2. Nc3 e5 3. f4 exf4 4. Nf3 g5 {[#]} 5. Qe2 $146 ({Predecessor:} 5. d4 g4 6. Bxf4 gxf3 7. Qxf3 Nc6 8. Bb5 Qh4+ 9. Bg3 Qg4 10. Qf2 Bd7 11. O-O Bg7 {½-½ (39) Nightingale,D (2512)-Oreopoulos,K (2508) ICCF email 2017}) 5... Nc6 6. Qf2 {C30: King's Gambit Declined.} Bg7 7. Bb5 h6 8. h4 {Black is better.} Bd7 9. Bxc6 (9. d4 $15) 9... Bxc6 10. d3 Qf6 11. Bd2 Ne7 12. O-O-O b6 13. Rde1 O-O-O 14. Nd1 Ng6 (14... Qg6 $17 15. Bc3 f5 16. Bxg7 Qxg7) 15. Bc3 Ne5 16. Nd4 Bd7 17. Kb1 Qg6 (17... c5 $5 {[%cal Rc5d4]} 18. Nf3 Rdg8 $17) 18. g3 c5 {White must now prevent ...fxg3.} 19. Nf5 Bxf5 20. exf5 Qxf5 21. gxf4 gxf4 22. Qg2 f3 {White now steadily converts the win.} 23. Qxg7 {[%cal Rc3e5]} Rdg8 24. Bxe5 Rxg7 25. Bxg7 Rg8 (25... Rh7 $16 26. Bc3 d5) 26. Bxh6 $18 Rg2 27. Bc1 {aiming for Ne3.} f2 {[#]} 28. Ref1 {And now Ne3 would win.} ({Don't blunder} 28. Re8+ $2 Kd7 $17) 28... Qf3 (28... Qh5 {keeps fighting.} 29. Ne3 (29. Nxf2 Qe2 $16) (29. Rxf2 Rxf2 30. Nxf2 Qf3 $11) 29... Rg1) 29. Ne3 Rg3 30. Rh2 Rg1 31. Rhxf2 Rxf1 32. Rxf1 Qh3 33. Rf4 Qh1 34. Nf5 Kd7 (34... d5 $142 35. Ng7 c4 36. dxc4 dxc4) 35. Ng7 f6 36. Nh5 f5 37. Ng3 Qh3 38. Nxf5 d5 39. Ng7 a5 40. h5 Kc6 41. Rf6+ Kb5 42. Rf5 d4 43. h6 a4 44. Rh5 Qg2 {[#]} 45. h7 $1 Qxg7 46. h8=Q {Weighted Error Value: White=0.13/Black=0.31} 1-0

[Event "MLK CCCSA IM 2021"]
[Site "Charlotte"]
[Date "2021.01.14"]
[Round "1.5"]
[White "Martin Del Campo C., Roberto"]
[Black "Andrianov, Nikolai"]
[Result "1/2-1/2"]
[WhiteElo "2296"]
[BlackElo "2384"]
[Annotator "TA"]
[PlyCount "34"]
[EventDate "2021.01.14"]
[EventType "tourn"]
[EventCountry "USA"]
[SourceTitle "playchess.com"]
[Source "ChessBase"]
[SourceQuality "1"]

{[%evp 14,15,0,0]} 1. e4 e5 2. Nf3 Nf6 3. Nxe5 d6 4. Nf3 Nxe4 5. Qe2 Qe7 6. d3 Nf6 7. Bg5 Qxe2+ 8. Bxe2 {[#]} {Predecessor:} Be7 $146 {C42: Petroff Defence: 3 Nxe5 and unusual White 3rd moves.} 9. Nc3 Nc6 10. O-O-O O-O 11. h3 h6 12. Bd2 Be6 13. g4 Nd5 14. Rhg1 Nxc3 15. Bxc3 a5 16. a4 Nb4 17. Kb1 c5 {½-½ (81) Onischuk,V (2633)-Caruana,F (2835) chess.com INT 2020} 1/2-1/2

[Event "MLK CCCSA IM 2021"]
[Site "Charlotte"]
[Date "2021.01.15"]
[Round "2.1"]
[White "Vivekananthan, Anish"]
[Black "Cervantes Landeiro, Thalia"]
[Result "1-0"]
[WhiteElo "2326"]
[BlackElo "2258"]
[Annotator "TA"]
[PlyCount "83"]
[EventDate "2021.01.14"]
[EventType "tourn"]
[EventCountry "USA"]
[SourceTitle "playchess.com"]
[Source "ChessBase"]
[SourceQuality "1"]

{[%evp 11,83,17,21,0,13,4,6,-104,0,0,0,8,191,194,191,202,205,208,213,211,188,154,169,116,181,173,221,150,181,150,176,176,173,160,174,158,212,145,224,215,293,295,300,298,306,273,327,321,371,371,422,376,395,379,393,387,418,414,423,437,476,500,491,477,581,587,842,743,6215,6331,6270,5780,1025,995]} 1. c4 e5 2. Nc3 Nc6 3. Nf3 Nf6 4. e3 Bb4 5. Qc2 Bxc3 6. Qxc3 Qe7 7. b3 {7.d4 is the modern continuation. A28: English Opening: Four Knights Variation.} d5 8. d4 {[%cal Rf3e5]} Ne4 {[#]} 9. Qc2 $146 {[#]} (9. Qb2 $1 $11) ({Predecessor:} 9. Qb2 Be6 10. Be2 Qb4+ 11. Nd2 exd4 12. exd4 Qc3 13. f3 Qxb2 14. Bxb2 Nxd2 15. Kxd2 {½-½ (52) So,W (2765)-Karjakin,S (2753) Kolkata 2018}) 9... Bf5 (9... exd4 $1 $17 {...Nb4 is the strong threat.} 10. cxd5 Nb4) 10. cxd5 $11 Nb4 {[%cal Rb4c2]} 11. Qb2 Nd6 $2 (11... Nf6 $11) 12. dxe5 $18 Nc2+ 13. Kd1 Nxa1 14. exd6 {[%mdl 64] Discovered Attack} (14. Qxa1 Ne4 $11) 14... Qxd6 15. Qxa1 O-O-O 16. Ke1 Qxd5 {[%csl Gd8][%cal Rd5d1]} 17. Be2 ({White should play} 17. Bb2 $18) 17... Be4 (17... Rhe8 $16) 18. Bb2 Rhg8 19. Bc3 g5 20. Rg1 g4 21. Ne5 Bxg2 {[#] intending ...Bf3.} 22. Nxf7 $1 {[%mdl 576] Deflection} Qxf7 23. Rxg2 Qd5 (23... Qf5 $16 {was necessary.} 24. Bf6 Rde8) 24. Rg1 Qh5 (24... Qf5 $16 {might work better.} 25. Kf1 h5) 25. Be5 Rde8 26. Bf4 Qa5+ 27. Kf1 h5 28. a4 Rgf8 29. Qc1 Rf7 30. Qc4 Rd7 31. Kg2 Qd5+ 32. Qxd5 Rxd5 33. Bc4 Rc5 34. h3 gxh3+ 35. Kxh3 {White is clearly winning.} a6 36. Rg5 Rxg5 37. Bxg5 Re5 38. Bf6 Rc5 39. Bd4 Rg5 40. Be6+ Kb8 41. f4 Rg1 42. f5 {Weighted Error Value: White=0.19/Black=0.43} 1-0

[Event "MLK CCCSA IM 2021"]
[Site "Charlotte"]
[Date "2021.01.15"]
[Round "2.2"]
[White "Matros, Alexander"]
[Black "Martin Del Campo C., Roberto"]
[Result "1/2-1/2"]
[WhiteElo "2405"]
[BlackElo "2296"]
[Annotator "TA"]
[PlyCount "31"]
[EventDate "2021.01.14"]
[EventType "tourn"]
[EventCountry "USA"]
[SourceTitle "playchess.com"]
[Source "ChessBase"]
[SourceQuality "1"]

{[%evp 16,31,20,18,21,-4,13,12,31,0,0,0,0,0,8,0,0,0]} 1. e4 c5 2. Nc3 e6 3. Nf3 Nc6 4. Bb5 Nge7 5. O-O a6 6. Bxc6 Nxc6 7. d4 cxd4 8. Nxd4 Qc7 9. Nxc6 dxc6 {B30: Sicilian: 2...Nc6 3 Bb5, lines without ...g6.} 10. Qg4 e5 11. Qg3 f6 12. a4 {[#]} Bd6 $146 {The position is equal.} ({Predecessor:} 12... Bb4 13. Nd1 a5 14. Ne3 O-O 15. h4 Qf7 16. Rd1 Be6 17. Bd2 Bc5 18. Bc3 b6 {½-½ (74) Pridorozhni,A (2512)-Potkin,V (2647) Khanty-Mansiysk 2013}) 13. Be3 a5 14. f3 b6 15. Qf2 Rb8 16. Rfd1 {An uneventful encounter.  Weighted Error Value: White=0.08/Black=0.07} 1/2-1/2

[Event "MLK CCCSA IM 2021"]
[Site "Charlotte"]
[Date "2021.01.15"]
[Round "2.3"]
[White "Colas, Joshua"]
[Black "Wang, Tianqi"]
[Result "0-1"]
[WhiteElo "2288"]
[BlackElo "2256"]
[Annotator "TA"]
[PlyCount "70"]
[EventDate "2021.01.14"]
[EventType "tourn"]
[EventCountry "USA"]
[SourceTitle "playchess.com"]
[Source "ChessBase"]
[SourceQuality "1"]

{[%evp 27,70,-25,-25,-92,-71,-79,-60,-137,-90,-98,-90,-89,-99,-95,-88,-104,-66,-107,-33,-208,-22,-127,-139,-274,-286,-310,-310,-308,-316,-791,-808,-1041,-989,-962,-950,-29975,-6567,-29975,-29976,-29976,-29977,-29966,-1454,-6299,-6014]} 1. c4 c5 2. Nf3 g6 3. Nc3 Bg7 4. g3 Nc6 5. Bg2 e5 6. O-O d6 7. a3 a5 8. d3 Nge7 9. Rb1 O-O 10. Ne1 Be6 11. Nc2 d5 12. cxd5 Nxd5 13. Nxd5 Bxd5 14. Bxd5 Qxd5 15. Ne3 {A37: Symmetrical English vs ...g6: 4 Bg2 Bg7 5 Nf3.} (15. e4 $11 {keeps the balance.} Qd6 16. Ne3) 15... Qe6 $17 {[#]} 16. Re1 $146 ({Predecessor:} 16. Bd2 Nd4 17. Bc3 a4 18. Bxd4 exd4 19. Ng2 Bh6 20. Qc2 Rfc8 21. b3 axb3 {½-½ (21) Gyorkos,L (2308)-Leventic,I (2397) Hungary 2019}) 16... Rfd8 17. Qc2 (17. f3 $15) 17... Nd4 18. Qc4 Qc6 19. a4 e4 $36 {[%mdl 2048] Black is in control.} 20. dxe4 Qxe4 21. Bd2 h5 22. h4 Bh6 ({Better is} 22... b6 $17 23. b3 Re8) 23. b3 $2 (23. Rbc1 $1 $15) 23... Ra6 $2 (23... b5 $1 $19 {[%cal Rb5c4]} 24. Qc1 (24. axb5 $2 a4 $19) 24... Qe6) 24. Rbd1 {[#]} (24. Nf1 $1 $11 Bxd2 25. Nxd2) 24... Re6 $1 25. Bxa5 (25. Kh2 $17 {keeps fighting.}) 25... b6 $19 26. Bd2 {[#]} g5 $1 {[%cal Rg5h4]} ({Inferior is} 26... Bxe3 27. Bxe3 Red6 28. Bxd4 $14) 27. Ng2 Nxe2+ 28. Kh2 $2 (28. Kf1 Nxg3+ 29. fxg3 Qf3+ {[%mdl 64] Double Attack} 30. Kg1 Rxe1+ {[%mdl 64] Overworked Piece} 31. Rxe1 Rxd2 32. Qf1 Qxb3 33. Qf6 Qxg3 34. Re8+ Bf8 35. Qxg5+ Qxg5 36. hxg5) 28... Rd4 29. Qa6 Qf3 {White must now prevent ...gxh4.} 30. Qc8+ Kh7 {Hoping for ...gxh4.} 31. hxg5 {[#]} h4 $1 {[%cal Rh4g3]} 32. Qc7 (32. Rxe2 Rxe2) 32... hxg3+ 33. fxg3 Bg7 34. Bf4 Qh5+ 35. Nh4 {[#]} Rxf4 $1 {[%mdl 512] Weighted Error Value: White=1.13/Black=0.15} 0-1

[Event "MLK CCCSA IM 2021"]
[Site "Charlotte"]
[Date "2021.01.15"]
[Round "2.4"]
[White "Oberoi, Shelev"]
[Black "Griffith, Kyron"]
[Result "0-1"]
[WhiteElo "2180"]
[BlackElo "2346"]
[Annotator "TA"]
[PlyCount "94"]
[EventDate "2021.01.14"]
[EventType "tourn"]
[EventCountry "USA"]
[SourceTitle "playchess.com"]
[Source "ChessBase"]
[SourceQuality "1"]

{[%evp 22,94,29,0,0,0,0,0,0,0,0,0,8,6,3,0,0,0,0,-3,0,0,0,-10,177,169,193,186,174,68,185,172,173,177,190,-66,-63,-65,-61,-72,-80,-144,-128,-199,-129,-218,-145,-150,-152,-1186,-1186,-1171,-1145,-1216,-1205,-29972,-29973,-29966,-29969,-29989,-29990,-29990,-29991,-29992,-29989,-29989,-29990,-29990,-29989,-29992,-29993,-29993,-29994,-29994,-29995]} 1. e4 {Dautov,R} c6 2. d4 d5 3. exd5 cxd5 4. c4 Nf6 5. Nc3 e6 6. Nf3 Be7 7. cxd5 Nxd5 8. Bd3 Nc6 9. O-O O-O 10. a3 Nf6 11. Bg5 h6 12. Bh4 Nh5 {D42: Queen's Gambit Declined: Semi-Tarrasch: 5 cxd5 Nxd5 6 e3 Nc6 7 Bd3 .} (12... Nxd4 $2 13. Nxd4 Qb6 14. Nf3 $18) 13. Bxe7 Nxe7 14. Ne5 Nf6 {The position is equal.} 15. Ne4 {Threatening Nxf6+.} Nfd5 {[#]} 16. Ng3 $146 ({Predecessor:} 16. Bc2 Nf5 17. Ng3 Nh4 18. Qd3 g6 19. Qd2 Kg7 20. Ng4 Rh8 21. Ne3 {½-½ (66) Solak,D (2596)-Ponomariov,R (2700) Moscow 2005 CBM 106 [Dautov,R]}) 16... Nf4 17. Be4 Ned5 18. Ne2 Nxe2+ 19. Qxe2 b6 20. f4 a5 21. Qf3 Ba6 22. Rfc1 Nxf4 $2 23. Qxf4 $18 Qxd4+ 24. Kh1 f5 {[#]} 25. Rc7 $1 Qxe4 (25... g5 26. Bxf5 $1 {[%mdl 512]} Rxf5 27. Qxd4 Raf8 28. g4 R5f7 29. Nxf7 Bb7+ 30. Rxb7 Rxf7 31. Qd8+ Kg7 32. Rxf7+ Kxf7 33. Rf1+ Kg7 34. Qe7+ Kh8 35. Rf8#) (25... Rad8 $14 26. Re1 (26. Qg3 $2 Qd1+ {[%mdl 64] Double Attack} 27. Qe1 Qxe1+ 28. Rxe1 fxe4 $19) 26... fxe4) (25... Rad8 26. h4) 26. Qg3 {[%csl Gc7][%cal Rg3g7]} g5 {aiming for ...Rac8.} 27. Re1 {[%mdl 1024] White has strong compensation.} Qd4 28. Qh3 $2 (28. Nc6 $18 Qf6 29. Qd6) 28... Qd2 $15 {[%cal Rd2e1]} 29. Nf3 Qd6 30. Rcc1 {[#]} Rf6 31. Ne5 (31. Rcd1 $142 Qc7 32. Ne5) 31... Bb7 $17 32. Qg3 (32. Rcd1 $17 {was necessary.} Bd5 33. Qc3) 32... f4 ({Better is} 32... Rd8 $19 33. Qb3 Qd2) 33. Qh3 (33. Qf2 $17) 33... f3 34. gxf3 Raf8 $40 {[%cal Rf6f3][%mdl 128] Hoping for ...Rxf3. Black has strong attack.} 35. Qg3 (35. Qh5 $17) 35... Rxf3 $19 36. Nxf3 Rxf3 {[%cal Rf3f1]} ({Not} 36... Bxf3+ 37. Kg1 $11) 37. Qg2 Rf7 38. Re4 Qd3 {[%mdl 64] Pin. Black mates.} 39. Rce1 {[#]} Rf4 $1 {[%mdl 576] Pin} 40. Kg1 (40. Rxf4 Bxg2+) 40... Bxe4 41. Qg3 Qd4+ {[%mdl 64] Double Attack} 42. Re3 Rg4 {[%mdl 64] Deflection} 43. Qxg4 Qxe3+ 44. Kf1 Bf5 45. h3 Bxg4 46. hxg4 h5 47. gxh5 g4 {Weighted Error Value: White=0.76/Black=0.17} 0-1

[Event "MLK CCCSA IM 2021"]
[Site "Charlotte"]
[Date "2021.01.15"]
[Round "2.5"]
[White "Ezra Paul Chambers"]
[Black "Andrianov, Nikolai"]
[Result "1-0"]
[WhiteElo "2217"]
[BlackElo "2384"]
[Annotator "TA"]
[PlyCount "123"]
[EventDate "2021.01.14"]
[EventType "tourn"]
[EventCountry "USA"]
[SourceTitle "playchess.com"]
[Source "ChessBase"]
[SourceQuality "1"]

{[%evp 19,123,51,58,30,45,33,62,52,74,71,79,76,125,130,172,178,174,177,187,166,174,131,134,134,145,132,141,143,142,139,189,99,102,88,120,127,136,45,41,33,39,38,41,39,35,54,105,104,96,85,85,85,85,78,77,79,283,120,541,518,586,573,689,670,1134,1263,737,490,619,442,1565,1000,883,822,1565,1565,6249,6297,6115,6098,6105,6091,5838,5720,29959,29962,29969,29971,29967,29970,29971,29972,29980,29981,29981,29976,29989,29990,29990,29991,29990,29988,29988,29989,29989,29990]} 1. e4 c5 2. Nf3 g6 3. d4 cxd4 4. Nxd4 Bg7 5. c4 Nc6 6. Be3 Nf6 7. Nc3 d6 8. Be2 O-O 9. O-O Nxd4 10. Bxd4 Bd7 11. b4 {B38: Sicilian: Maroczy Bind with 5...Bg7 and 7...0-0.} b6 12. Qd3 Bc6 13. Rfd1 {[#] White is slightly better.} Qd7 $146 ({Predecessor:} 13... e6 14. Rac1 Qe7 15. Bf3 Rfd8 16. h3 Rac8 17. a3 Ba8 18. Nb5 Rd7 19. Be3 Bf8 {½-½ (44) Lutz,C (2531)-Heberla,B (2551) Germany 2018}) 14. a4 Qb7 15. Bf3 e5 16. Be3 Rfd8 17. a5 bxa5 18. b5 (18. bxa5 $6 Bf8 $16) 18... Be8 19. Rxa5 a6 20. Qb1 axb5 21. Rxa8 Rxa8 22. cxb5 ({Much weaker is} 22. Rxd6 $6 Qc7 $11) ({But not} 22. Nxb5 $6 Bf8 $14) 22... Bf8 23. Be2 Rc8 24. Qd3 Be7 25. f3 (25. Ra1 $18 {Ra7 is the strong threat.} Ra8 26. Ra6) 25... Bd8 $16 26. Nd5 Nd7 27. Qa3 Nc5 28. Ra1 (28. b6 $16) 28... Bxb5 $14 {[#]} 29. Rb1 $1 Qa6 {[%cal Ra6a3]} 30. Qxa6 Bxa6 31. Bxc5 Bxe2 32. Bxd6 f6 {[#] White leaves nothing to chance now.} (32... Bd3 $14 33. Rb3 Bc4) 33. Be7 $1 $16 f5 34. Rb7 {aiming for Nf6+.} Ba6 35. Ra7 Rc1+ 36. Kf2 Rc2+ 37. Kg3 f4+ $2 (37... Bf1 $16) 38. Kh3 (38. Kh4 $1 $18 Bxe7+ 39. Nxe7+ Kf8 40. Kg5) 38... Bc8+ $2 {[%mdl 8192]} (38... Bxe7 $16 {is tougher.} 39. Nxe7+ Kf8) 39. Kh4 $18 Bxe7+ 40. Nxe7+ Kf8 41. Nxc8 Rxc8 42. Rxh7 {[%mdl 4096] Endgame Intending Rh8+ and mate. KR-KR} Rc2 43. Kh3 Rc6 44. Ra7 g5 (44... Rc2 $142 45. Ra5 Kg7 46. Rxe5 Kf6) 45. Rh7 Rc2 46. g3 Kg8 47. Rh5 fxg3 48. Rxg5+ Kf7 49. hxg3 Kf6 50. Kg4 Rc8 51. f4 exf4 52. gxf4 {White mates.} Rc1 53. e5+ Ke6 54. Rg6+ Kf7 55. Kf5 Rf1 56. e6+ Kf8 57. Ke5 Re1+ 58. Kf6 Re4 59. f5 Re1 60. e7+ Rxe7 {[#]} 61. Rg8+ $1 {[%mdl 576] Deflection} Kxg8 62. Kxe7 {Weighted Error Value: White=0.28/Black=0.61} 1-0

[Event "MLK CCCSA IM 2021"]
[Site "Charlotte"]
[Date "2021.01.16"]
[Round "3.1"]
[White "Griffith, Kyron"]
[Black "Vivekananthan, Anish"]
[Result "1/2-1/2"]
[WhiteElo "2346"]
[BlackElo "2326"]
[Annotator "TA"]
[PlyCount "19"]
[EventDate "2021.01.14"]
[EventType "tourn"]
[EventCountry "USA"]
[SourceTitle "playchess.com"]
[Source "ChessBase"]
[SourceQuality "1"]

{[%evp 9,19,18,16,0,0,0,0,2,16,6,7,12]} 1. e4 e5 2. Nf3 Nc6 3. Bb5 Nf6 4. O-O Nxe4 5. Re1 Nd6 {The position is equal.} 6. a4 {C67: Ruy Lopez: Berlin Defence: 4 0-0 Nxe4.} Be7 7. Nc3 O-O 8. d4 {[#]} a6 $146 ({Predecessor:} 8... e4 9. Nxe4 Nxe4 10. Rxe4 d5 11. Re1 Bg4 12. Bxc6 bxc6 13. Qd3 Bxf3 14. Qxf3 Bd6 {½-½ (47) Dubov,D (2700)-McShane,L (2688) Netanya 2019}) 9. Bf1 e4 10. Nxe4 {A rather calm draw.  Weighted Error Value: White=0.06/Black=0.03} 1/2-1/2